000 00275nam a22000977a 4500
082 _a823
_bROW/H
100 _aROWLING,J .K
245 _aHARRY POTTER & THE CHAMBER OF SECRETS
246 _aHARRY POTTER & THE CHAMBER OF SECRETS
_bHARRY POTTER & THE CHAMBER OF SECRETS
942 _cBK
999 _c8196
_d8196